| 000 | 00838nmm a2200277 a 4500 | ||
|---|---|---|---|
| 001 | ocm000576635 | ||
| 003 | TR-IsHL | ||
| 005 | 20201028123146.0 | ||
| 008 | 110704s2006 tu tur | ||
| 007 | cr cn | ||
| 020 | _a9789757763314 | ||
| 035 |
_a576635 _b(N$T) |
||
| 050 | 0 | 4 |
_aH62 _b.G88 2006 |
| 090 | 0 | 4 |
_aH62 _b.G88 2006 |
| 100 | 1 | _aGüven, Sami | |
| 245 | 1 | 0 |
_aToplumbilimde araştırma yöntemleri _h[electronic resource] / _cSami Güven |
| 250 | _a1. bs. | ||
| 260 |
_aBursa : _bEzgi Kitabevi, _c2006 |
||
| 300 | _a304 p. | ||
| 650 | 4 | _aSosyoloji | |
| 650 | 4 | _aSociology | |
| 650 | 0 |
_aSosyal bilimler _x Araştırma |
|
| 650 | 0 |
_aSocial sciences _x Research |
|
| 650 | 7 |
_aSOCIAL SCIENCE / Research _2bisacsh |
|
| 856 | 4 | 0 | _uhttp://search.ebscohost.com/login.aspx?direct=true&scope=site&db=e011xww&AN=576635 |
| 999 |
_c2253 _d2253 |
||